000 00415nam a2200181Ia 4500
003 IT-RoPAU
005 20220918175440.0
008 120407s9999 xx 000 0 und d
040 _aIT-RoPAU
040 _cIT-RoPAU
245 _aRegioni e mete in Europa. Ambiente, arte e storia
245 _cAA.VV.
260 _aTouring Club Italiano
300 _c cm
490 _v2
942 _cBK
_2ddc
999 _c12155
_d12155